| 000 | 00434nam a2200181Ia 4500 | ||
|---|---|---|---|
| 008 | 240925s9999 xx 000 0 und d | ||
| 020 | _aNA | ||
| 082 | _a657 RAU | ||
| 100 | _aRauf, Adnan | ||
| 245 | 0 | _aIntroduction to Accounting | |
| 250 | _a15th | ||
| 260 |
_aLahore: _bRise Publications _c,2019. |
||
| 300 |
_a324p. _bNA _fOriginal |
||
| 500 | _aIncludes Index | ||
| 600 | _aManagement | ||
| 650 | _aAccounting | ||
| 942 | _cBK | ||
| 999 |
_c16011 _d16011 |
||